|
|
|
|
| LEADER |
01166Ncm#a2200361#a#4500 |
| 001 |
027529 |
| 003 |
AR-BeUNQ |
| 005 |
20250214143510.0 |
| 008 |
150518s1935||||nyuwzd#f## | |||eng#d |
| 999 |
|
|
|c 384
|d 75771
|
| 040 |
|
|
|a AR-BeUNQ
|b spa
|e aacr
|
| 044 |
|
|
|a ag
|
| 048 |
|
|
|a ka
|a tz
|b vn
|
| 082 |
0 |
4 |
|a 784.18846
|2 21
|
| 100 |
1 |
|
|a Warren, Harry.
|
| 245 |
0 |
2 |
|a La planchadora :
|b vals = The girl at the ironing board
|c letra de Al Dubin ; música de Harry Warren.
|
| 246 |
1 |
1 |
|a The girl at the ironing board
|
| 260 |
|
|
|a Nueva York : Buenos Aires :
|b Remick Music.
|b Establecimiento Musical Neumann,
|c 1935.
|
| 300 |
|
|
|a 1 partitura vocal (2 p.) ;
|c 31 cm.
|
| 500 |
|
|
|a Letra en inglés, traducción al español en p. 1.
|
| 500 |
|
|
|a Para voz, piano y ukelele.
|
| 500 |
|
|
|a "Música y mujeres"-Port.
|
| 650 |
|
7 |
|a Música
|2 spines
|
| 650 |
|
7 |
|a Canciones
|2 ttll
|
| 651 |
|
7 |
|a Estados Unidos
|2 toit
|
| 653 |
|
|
|a Vals
|
| 653 |
|
|
|a Piano
|
| 653 |
|
|
|a Voz
|
| 653 |
|
|
|a Ukelele
|
| 653 |
|
|
|a Partituras
|
| 700 |
1 |
|
|a Dubin, Al,
|e autor de la letra
|4 lyr
|
| 929 |
|
|
|a DONACION
|b Adolfo Lamedica
|d 800E
|e 20150401
|g 2784 Exp. 827-0387/98
|j 52966
|
| 942 |
|
|
|c PAR
|n 0
|